• 首页
  • 本馆介绍
  • 公告通知
  • 最新文献
  • 馆藏检索
  • 电子资源
  • 读者导购
  • 参考咨询
  • 我的图书馆
  • 登录
  • 详细信息显示
  • 放入我的书架
  • 预约/预借图书
  • 作者相关作品
  • 分类相关作品
  • 丛书相关作品
  • 出版社相关作品

书目信息

  • 表格格式
  • 工作单格式
  • 卡片格式
题名:
陶瓷材料介入中国当代绘画
    
 
作者: 章朝辉, 主编
分册:  
出版信息: 南昌   江西高校出版社  2021.03
页数: 206页
开本: 24cm
丛书名: 景德镇学院学术文库
单 册:
中图分类: J211.6
科图分类:
主题词: 绘画--hui hua--材料--研究--中国
电子资源:
ISBN: 978-7-5762-0909-9
000 01347nam 2200289 450
001 CAL 004107760
005 20230217093112.0
010    @a978-7-5762-0909-9@dCNY58.00
100    @a20210519d2021 em y0chiy0120 ea
101 0  @achi
102    @aCN@b360000
105    @aa a 000yy
106    @ar
200 1  @a陶瓷材料介入中国当代绘画@Atao ci cai liao jie ru zhong guo dang dai hui hua@f主编章朝辉
210    @a南昌@c江西高校出版社@d2021.03
215    @a206页@c图@d24cm
225 2  @a景德镇学院学术文库@Ajing de zhen xue yuan xue shu wen ku
300    @a课题项目编号181125: 新陶瓷材料及技术成果转化运用 —— 以新高温釉料入油画创作课为例
314    @a章朝辉, 男, 生于1971年12月, 毕业于江西师范大学艺术系, 景德镇学院艺术系副教授。
320    @a有书目 (第199页)
330    @a全书共分为八个章节。第一章围绕中国当代艺术、中国陶瓷艺术及景德镇陶瓷艺术现状论述介绍此书的文化背景。第二、三、四、五章分别介绍陶瓷材料与绘画艺术相关的美学的问题。第六章介绍陶瓷材料与综台材料在绘画艺术的当代性。第七章介绍陶瓷材料的各种艺术创作类型的当代性分析和具体典型艺术家的演示图。第八章结尾是对当代陶瓷艺术的创新提出希望。
410  0 @12001 @a景德镇学院学术文库
606 0  @a绘画@Ahui hua@x材料@x研究@y中国
690    @aJ211.6@v5
701  0 @a章朝辉,@Azhang zhao hui@f1971-@4主编
801  0 @aCN@bBJXHZP@c20230228
905    @b1396246-9@dJ211.6@e1589@f4
    
    陶瓷材料介入中国当代绘画/主编章朝辉.-南昌:江西高校出版社,2021.03
    206页:图;24cm.-(景德镇学院学术文库)
    课题项目编号181125: 新陶瓷材料及技术成果转化运用 —— 以新高温釉料入油画创作课为例
    
    ISBN 978-7-5762-0909-9:CNY58.00
    全书共分为八个章节。第一章围绕中国当代艺术、中国陶瓷艺术及景德镇陶瓷艺术现状论述介绍此书的文化背景。第二、三、四、五章分别介绍陶瓷材料与绘画艺术相关的美学的问题。第六章介绍陶瓷材料与综台材料在绘画艺术的当代性。第七章介绍陶瓷材料的各种艺术创作类型的当代性分析和具体典型艺术家的演示图。第八章结尾是对当代陶瓷艺术的创新提出希望。
●
相关链接 在E读中查询图书 在五车中查询图书 在当当中查询图书 在豆瓣中查询图书


正题名:陶瓷材料介入中国当代绘画     索取号:J211.6/1589         预约/预借

序号 登录号 条形码 馆藏地/架位号 状态 备注
1 1396246   213962461   第一样本阅览室/ [索取号:J211.6/1589] 在馆    
2 1396247   213962470   第一借阅区/ [索取号:J211.6/1589] 在馆    
3 1396248   213962489   第一借阅区/ [索取号:J211.6/1589] 在馆    
4 1396249   213962498   第一借阅区/ [索取号:J211.6/1589] 在馆    
唐山师范学院图书馆 欢迎您!
大连网信软件有限公司© 版权所有